Структурно-литологические закономерности локализации золотого оруденения месторождения Большевик (Восточный Казахстан): диссертация на соискание ученой степени кандидата геолого-минералогических наук; спец. 25.00.11

Détails bibliographiques
Auteur principal: Антонов Ю. А. Юрий Алексеевич
Collectivité auteur: Национальный исследовательский Томский политехнический университет (ТПУ) Институт природных ресурсов (ИПР) Кафедра геологии и разведки полезных ископаемых (ГРПИ)
Autres auteurs: Коробейников А. Ф. Александр Феопенович (научный руководитель)
Résumé:Заглавие с титульного экрана
Электронная версия печатной публикации
Langue:russe
Publié: Томск, 2012
Sujets:
Accès en ligne:http://earchive.tpu.ru/handle/11683/30632
Format: Électronique Livre
KOHA link:https://koha.lib.tpu.ru/cgi-bin/koha/opac-detail.pl?biblionumber=318763

MARC

LEADER 00000nlm0a2200000 4500
001 318763
005 20231102003118.0
035 |a (RuTPU)RU\TPU\book\344264 
035 |a RU\TPU\book\246986 
090 |a 318763 
100 |a 20160505j20121225k y0rusy50 ca 
101 0 |a rus 
102 |a RU 
105 |a a m 000zy 
135 |a drcn ---uucaa 
181 0 |a i  
182 0 |a b 
200 1 |a Структурно-литологические закономерности локализации золотого оруденения месторождения Большевик (Восточный Казахстан)  |b Электронный ресурс  |e диссертация на соискание ученой степени кандидата геолого-минералогических наук  |e спец. 25.00.11  |f Ю. А. Антонов  |g Национальный исследовательский Томский политехнический университет (ТПУ) ; науч. рук. А. Ф. Коробейников 
203 |a Текст  |c электронный 
210 |a Томск  |d 2012 
215 |a 1 файл (8.85 Mb) 
230 |a Электронные текстовые данные (1 файл : 8.85 Mb) 
300 |a Заглавие с титульного экрана 
300 |a Электронная версия печатной публикации 
337 |a Adobe Reader 
452 1 |0 (RuTPU)RU\TPU\book\250183  |t Структурно-литологические закономерности локализации золотого оруденения месторождения Большевик (Восточный Казахстан)  |o диссертация на соискание ученой степени кандидата геолого-минералогических наук  |o спец. 25.00.11  |f Ю. А. Антонов  |g Национальный исследовательский Томский политехнический университет (ТПУ) ; науч. рук. А. Ф. Коробейников  |c Томск  |d 2012  |p 152 л.  |a Антонов, Юрий Алексеевич 
606 1 |a Золоторудные месторождения  |y Казахстан  |2 stltpush  |3 (RuTPU)RU\TPU\subj\71154  |9 85190 
610 1 |a электронный ресурс 
610 1 |a диссертации 
610 1 |a труды учёных ТПУ 
610 1 |a геологическое строение 
610 1 |a месторождение Большевик 
610 1 |a рудовмещающие структуры 
610 1 |a золото 
610 1 |a содержание 
610 1 |a распределение 
610 1 |a банки данных 
610 1 |a рудные тела 
610 1 |a формирование 
610 1 |a золотое оруденение 
610 1 |a локализация 
610 1 |a литологические факторы 
610 1 |a запасы 
610 1 |a прогнозирование 
675 |a 553.411(57)(04)  |v 3 
686 |a 25.00.11  |2 oksvnk 
700 1 |a Антонов  |b Ю. А.  |g Юрий Алексеевич 
702 1 |a Коробейников  |b А. Ф.  |c российский геолог, доктор геолого-минералогических наук  |c профессор Томского политехнического университета  |f 1934-  |g Александр Феопенович  |2 stltpush  |3 (RuTPU)RU\TPU\pers\12688  |4 727 
712 0 2 |a Национальный исследовательский Томский политехнический университет (ТПУ)  |b Институт природных ресурсов (ИПР)  |b Кафедра геологии и разведки полезных ископаемых (ГРПИ)  |h 2181  |2 stltpush  |3 (RuTPU)RU\TPU\col\18660 
801 2 |a RU  |b 63413507  |c 20170221  |g RCR 
856 4 |u http://earchive.tpu.ru/handle/11683/30632 
942 |c CF